| 000 | 00000cam 2200000zi 4500 |
| 001 | 9.960479 |
| 003 | CaOODSP |
| 005 | 20260327140612 |
| 006 | m o d f |
| 007 | cr cn||||||||| |
| 008 | 260302e202602##onca ob f000 0 fre d |
| 020 | |a9780660987217 |
| 040 | |aCaOODSP|bfre|erda|cCaOODSP |
| 043 | |an-cn--- |
| 045 | |ay1y2 |
| 086 | 1 |aHP35-198/2026F-PDF |
| 100 | 1 |aBailey, Natalie, |eauteur. |
| 245 | 10|aPromouvoir l'équité en santé : |bFonds pour la santé mentale des communautés noires : rapport 2018 à 2024. |
| 264 | 1|aOttawa (Ontario) : |bAgence de la santé publique du Canada = Public Health Agency of Canada, |cfévrier 2026. |
| 264 | 4|c©2026 |
| 300 | |a1 ressource en ligne (74 pages) : |billustrations en couleur |
| 336 | |atexte|btxt|2rdacontent/fre |
| 337 | |ainformatique|bc|2rdamedia/fre |
| 338 | |aressource en ligne|bcr|2rdacarrier/fre |
| 500 | |aPublié aussi en anglais sous le titre : Promoting health equity: Mental Health of Black Canadians Fund community report 2018-2024. |
| 500 | |a« Pub. : 250492 » -- Verso de la couverture. |
| 500 | |a« Ce rapport du Fonds pour la santé mentale des communautés noires (FSMCN) a été dirigé par Natalie Bailey et coécrit par Mathilde St-Louis-Deschênes. … » -- Auteurs et collaborateurs. |
| 504 | |aComprend des références bibliographiques (pages 53-54). |
| 520 | |a« Les personnes noires au Canada font face à d'importants défis d'ordre social et économique qui nuisent à leur santé mentale. Le fonds Promouvoir l'équité en santé : Fonds pour la santé mentale des communautés noires (FSMCN) de l'Agence de la santé publique du Canada (ASPC) appuie des projets communautaires dirigés par des personnes noires et destinés à promouvoir une santé mentale positive. Ces projets visent à accroître l'équité et à examiner les facteurs qui influent sur la santé mentale, principalement le racisme envers les personnes noires. Le rapport fait état des perspectives et des expériences en matière de santé mentale descommunautés noires au Canada à partir d'informations provenant des sources suivantes : les membres du Groupe de travail du FSMCN; les 15 projets financés par le FSMCN entre 2018 et 2024. … » -- Résumé, page 1. |
| 650 | 6|aNoirs canadiens|xSanté mentale|xPolitique gouvernementale|zCanada. |
| 650 | 6|aNoirs canadiens|xServices de santé mentale|xPolitique gouvernementale|zCanada. |
| 650 | 6|aNoirs canadiens|xServices de santé mentale|zCanada|xFinances. |
| 650 | 6|aRacisme à l'égard des personnes noires|xAspect sanitaire|zCanada. |
| 650 | 6|aDiscrimination dans les soins médicaux|zCanada. |
| 710 | 2 |aAgence de santé publique du Canada, |eorganisme de publication. |
| 775 | 08|tPromoting health equity : |w(CaOODSP)9.960477 |
| 856 | 40|qPDF|s2.76 Mo|uhttps://publications.gc.ca/collections/collection_2026/aspc-phac/HP35-198-2026-fra.pdf |
| 856 | 40|qHTML|sN/A|uhttps://sante-infobase.canada.ca/sante-mentale/communautes-noires/ |
| 986 | |a250492 |